Cyklická ekonomika a zákaznícka hodnotová ponuka
Cyklická ekonomika a jej základné princípy. Vytvorenie produktov z odpadu v kontinuálnej slučke– Regeneračný systém ECONYL.
Uložené v:
| Hlavný autor: | |
|---|---|
| Ďalší autori: | |
| Médium: | Kapitola |
| Jazyk: | Slovak |
| Predmet: | |
| Tagy: |
Žiadne tagy, Buďte prvý, kto otaguje tento záznam!
|
MARC
| LEADER | 00000nla a2200000 4500 | ||
|---|---|---|---|
| 001 | 0247416 | ||
| 005 | 20240417075144.5 | ||
| 041 | 0 | |a slo | |
| 044 | |a SK | ||
| 245 | 1 | 0 | |a Cyklická ekonomika a zákaznícka hodnotová ponuka |c Lubomír Matejov, Jaromíra Vaňová |
| 520 | |a Cyklická ekonomika a jej základné princípy. Vytvorenie produktov z odpadu v kontinuálnej slučke– Regeneračný systém ECONYL. | ||
| 610 | 2 | 0 | |a hospodárstvo odpadové |
| 610 | 2 | 0 | |a hodnota pridaná |
| 610 | 2 | 0 | |a zákazníci |
| 610 | 2 | 0 | |a podnik priemyselný |
| 610 | 2 | 0 | |a výroba |
| 610 | 2 | 0 | |a zdroje prírodné |
| 100 | 1 | |a Matejov, Lubomír | |
| 700 | 1 | |a Vaňová, Jaromíra | |